[Event "Norway Chess 2025"]
[Site "Stavanger, Norway"]
[Date "2025.05.26"]
[Round "1.3"]
[White "Carlsen, Magnus"]
[Black "Gukesh D"]
[Result "1-0"]
[WhiteElo "2837"]
[BlackElo "2787"]
[Annotator "Rafael Leitao"]
[PlyCount "109"]
[EventDate "2025.??.??"]
[TimeControl "40/7200:0"]

{[%evp 0,109,16,16,16,12,12,18,73,61,84,83,77,26,15,6,9,1,9,-14,-15,-23,-19,-25,-19,-53,-28,-50,-16,-58,-35,-35,-40,-46,5,-69,-33,-31,-41,-29,35,-8,-5,0,0,0,16,19,12,-6,31,-14,-14,-22,-12,-8,0,-15,0,0,0,0,0,10,51,13,30,23,16,20,64,52,52,43,48,47,37,28,28,28,32,20,0,22,0,0,0,0,0,0,0,0,0,0,350,352,370,350,370,317,347,369,615,615,788,788,788,788,685,1104,962,1626]} 1. d4 Nf6 2. Nc3 {Uma escolha surpreendente, embora Carlsen tenha jogado esse lance em algumas partidas online de blitz e rápido.} d5 3. Bf4 c5 4. e3 (4. e4 {é um lance muito popular em partidas online, e eu já o enfrentei muitas vezes nas minhas partidas de lazer no Chess.com.}) 4... Bg4 $5 {Um lance muito mais raro do que capturar o peão em d4.} (4... cxd4) 5. Be2 {A partida rapidamente se afasta da teoria.} (5. f3 {é a resposta mais comum, quando as Negras precisam jogar} Bd7 $1 {para controlar o salto do cavalo para b5. A partida permanece complicada e com chances para ambos os lados após} 6. dxc5) 5... Bxe2 6. Ncxe2 {Jogado apenas uma vez, em uma partida do Titled Tuesday. Capturar com a dama ou com o cavalo de g1 também leva a um jogo equilibrado.} (6. Ngxe2) (6. Qxe2) 6... Nc6 7. Nf3 {A abertura de Carlsen foi discreta, e é difícil imaginar que as Brancas tenham alguma vantagem aqui. Claro, agora todos sabemos que ele fica feliz apenas por ter uma partida para jogar sem tanta teoria, mas mesmo assim, já o vi jogando ideias mais inspiradoras para conseguir isso.} e6 8. c3 Be7 $146 {Um lance novo.} (8... Bd6 9. O-O O-O 10. Bxd6 Qxd6 11. Nf4 Ne4 12. dxc5 Qxc5 {com um empate em Naroditsky-Galchenko, Titled Tuesday blitz 2023.}) ({RR} 8... Bd6 9. O-O O-O 10. Bxd6 Qxd6 11. Nf4 Ne4 12. dxc5 Qxc5 {½-½ (12) Naroditsky,D (2619)-Galchenko,M (2438) chess.com INT 2023}) ({RR} 8... Nh5 9. Be5 Bd6 10. Bxd6 Qxd6 11. Ng3 Nxg3 12. hxg3 h6 13. Qd3 O-O 14. g4 e5 15. dxe5 Nxe5 16. Nxe5 Qxe5 17. O-O-O Rfd8 18. Rh5 Qe6 19. g5 Qg6 20. Qxg6 fxg6 21. Rh4 Kh7 22. gxh6 gxh6 23. Rdh1 {Bazan Romero,O (2289)-Khanbutaev,A (2139) chess.com INT 2025 ½-½ (84)}) 9. Ng3 (9. O-O {também é possível, mas Carlsen não está interessado em rocar.}) 9... O-O 10. Qe2 h6 {Um lance útil. As Negras têm outras boas opções e sua posição é confortável.} 11. Rd1 Qa5 {Forçando as Brancas a defenderem o peão de a2 e a criar fraquezas nas casas claras.} 12. a3 Rfd8 13. h4 {As Brancas têm uma posição sólida na ala da dama, então especulam com um plano com h4-h5, Ce5 e talvez até Th3 e Ch5, iniciando alguma ação na ala do rei. Claro, isso é sonhar alto demais: tanto com o roque quanto com o lance da partida, a avaliação não muda: igualdade confortável para as Negras.} Qa4 {Dominando as casas claras e preparando Dc4.} (13... Qa6 {Também é bastante lógico trocar as damas. Os peões dobrados na coluna \"a\" não são ruins para as Negras.} 14. Qxa6 bxa6 {com igualdade.}) (13... Rac8 {também é possível, simplesmente melhorando a torre. As Brancas podem jogar como na partida com} 14. Ne5) 14. Ne5 Nxe5 15. Bxe5 (15. dxe5 $6 {As Brancas não estão justificado em prejudicar a estrutura de peões na esperança de tentar criar um ataque. As Negras ficam muito sólidas após} Nd7) 15... Nd7 16. Bf4 Qa6 (16... Rac8 {As Negras também poderiam esperar um pouco mais com um lance útil como este. $146ão está claro que elas precisem trocar damas em a6.} 17. Nh5 Bf8 18. g4 $5 {Talvez Gukesh tenha medo de um ataque assim, mas não parece tão assustador.}) 17. Qf3 (17. Qxa6 {é uma escolha sólida.} bxa6 {O final está igual segundo a máquina, embora pareça mais confortável para as Negras em uma partida humana.}) 17... Bd6 (17... Bf8 $1 {Cria mais problemas para as Brancas, já que o rei branco está preso em e1, e as Negars têm a ideia de trocar em d4 e depois preparar o avanço e6-e5, por exemplo:} 18. Nh5 cxd4 19. exd4 Re8 $1 {Quando as Brancas agora são aconselhadas a jogar} 20. Qe2 Qxe2+ 21. Kxe2 {com um bom final para as Negras.}) 18. Nh5 Bxf4 19. Qxf4 (19. Nxf4 {também é possível, mas é compreensível que Carlsen quisesse o cavalo em h5.}) 19... e5 $5 {Um lance ousado e difícil, muito no estilo direto e calculista de Gukesh.} (19... cxd4 20. Qxd4 e5 $1 {é outra solução. Depois de} 21. Qxd5 Rac8 {as Negras preparam Cc5 e têm boa compensação. Uma continuação possível é} 22. Qd6 Qxd6 23. Rxd6 Nc5 24. Rxd8+ Rxd8 25. Ke2 Ne4 $1 26. Kf3 Nd2+ 27. Ke2 Ne4 {com um empate.}) 20. Qg3 {Carlsen decide ir para o final.} (20. dxe5 {é o lance crítico.} Qg6 (20... Qe6 $2 {é um erro tático:} 21. Qg3 Qxe5 22. Rxd5 $1 {ganhando um peão.}) 21. g4 $1 (21. Ng3 {permite} Qe6 {recuperando o peão com igualdade.}) 21... Re8 {O lance mais natural.} (21... d4 $5 {também é possível:} 22. cxd4 cxd4 23. Rxd4 (23. exd4 $2 Nxe5 $1 {e as Brancas não podem capturar o cavalo.}) (23. O-O d3 {com compensação suficiente pelo peão.}) 23... Qb1+ 24. Rd1 Qxb2 {e as Negras provavelmente têm contra-jogo suficiente para alcançar a igualdade.}) 22. Rxd5 Nxe5 $1 23. O-O {O cavalo não pode ser capturado devido ao xeque em b1.} Nxg4 24. Ng3 Nf6 {A posição é mais confortável para as Brancas devido às peças mais ativas, mas as Negras podem lutar pela igualdade e pelo empate. Mesmo assim, essa situação parece mais problemática para o segundo jogador do que a escolha das Brancas.}) 20... Qg6 21. Qxg6 fxg6 22. Ng3 exd4 23. cxd4 (23. exd4 {leva à igualdade fácil depois de} Re8+) 23... c4 24. Ne2 $1 {Melhorando o cavalo.} b5 25. Nc3 Nf6 26. Rb1 $1 {Isto é necessário para combater a expansão da ala da dama das Negras.} Rab8 27. f3 {A única pequena esperança que as Brancas têm de vencer a partida é criar um peão passado com e3-e4, graças aos peões dobrados das Negras em g6 e g7.} a5 (27... b4 {é pior: as Brancas ficam com uma estrutura de peões melhor após} 28. axb4 Rxb4 29. Kd2) 28. b4 $1 cxb3 29. Rxb3 b4 30. axb4 Rxb4 (30... axb4 $6 31. Na4 {é perigoso para as Negras.}) 31. Ra3 {31.Txb4 e 31.Tb1 são possíveis, mas não há vantagem.} Re8 32. Kd2 {As Brancas abandonam o peão de g, deixando a partida um pouco aguda.} (32. Kf2 {As Negras têm várias maneiras de alcançar o empate, uma delas é} Rb2+ 33. Ne2 Ng4+ 34. fxg4 Rf8+ 35. Kg3 Rxe2) 32... Rb2+ 33. Kd3 Rxg2 34. Rxa5 Rg3 35. Rf1 g5 (35... Rd8 {também é bom:} 36. Ne2 Rh3 37. Nf4 Rxh4 38. Nxg6 Rh2 {com um empate provável.}) 36. hxg5 Rxg5 (36... hxg5 {Até isso é possível, mas não há necessidade de defender estando um peão a menos depois de} 37. Nxd5 g4 38. Nxf6+ gxf6 39. Rf5) 37. Rfa1 h5 38. Ra8 Rxa8 (38... h4 {é outra possibilidade:}) 39. Rxa8+ Kh7 40. e4 dxe4+ 41. fxe4 h4 42. e5 {Meu computador afirma que as Negras têm pelo menos cinco lances diferentes que levam ao empate neste momento.} h3 {Gukesh decide seguir por uma linha forçada de empate, mas talvez fosse mais prático simplesmente mover o cavalo. A posição continua igual, mas sem a necessidade de encontrar um lance forçado no final da variante.} (42... Nh5 $1) 43. exf6 h2 44. f7 Rg3+ 45. Kd2 h1=Q (45... Rg2+ {também é bom:} 46. Ne2 h1=Q 47. f8=Q Qh6+ $1 48. Kd3 Qh3+ $1 {com xeque perpétuo. Se as Brancas jogarem para ganhar com} 49. Kc4 $4 {as Negras ganham com} Qe6+ $1) 46. f8=Q Qh6+ $2 {Basicamente o único erro nesta partida, mas às vezes um erro basta para perder.} (46... Rg2+ $7 {leva a um empate:} 47. Kd3 (47. Ne2 Qh6+ $1 48. Kd3 Qh3+ 49. Kd2 Qh6+) 47... Rg3+ $7 48. Kc2 Qg2+ 49. Kb3 Qd5+ (49... Qb7+ {também é suficiente.}) 50. Kc2 (50. Kb2 Qg2+ 51. Ka1 Qg1+ $1 52. Kb2 Qg2+ $1) 50... Qg2+ {com xeque perpétuo.}) 47. Kc2 Qg6+ 48. Kb2 $1 {O único lance vencedor.} (48. Kb3 $2 Qb1+) 48... Qb6+ 49. Ka2 Rg2+ (49... Rxc3 50. Qf5+ $1 g6 (50... Qg6 51. Rh8+) 51. Qf7+ Kh6 52. Qf4+ {com um ataque de mate.}) 50. Ka3 Qb2+ 51. Ka4 Qxc3 (51... Qa1+ 52. Kb4 {e os xeques acabam rapidamente.}) 52. Qh8+ Kg6 53. Ra6+ Kf5 (53... Kf7 54. Qh5+ {termina em mate em breve.}) 54. Qf8+ Ke4 55. Re6+ (55. Re6+ Kd3 (55... Kxd4 56. Qd6+ Kc4 57. Re4+) 56. Qf3+) 1-0

[Event "Norway Chess 2025"]
[Site "Stavanger, Norway"]
[Date "2025.05.25"]
[Round "1.3"]
[White "Carlsen, Magnus"]
[Black "Gukesh D"]
[Result "1-0"]
[WhiteElo "2837"]
[BlackElo "2787"]
[Annotator "Stockfish 17.1"]
[PlyCount "110"]
[EventDate "2025.??.??"]

{[%evp 0,110,23,23,20,20,20,28,66,64,89,58,61,18,7,3,3,10,3,-17,-13,-29,-21,-37,-15,-20,-2,-29,-29,-58,-37,-37,-39,-39,-6,-56,-20,-26,-35,-23,22,-8,-8,0,0,0,15,14,12,2,33,6,6,-11,-15,-30,22,-6,-6,-6,6,16,19,14,31,19,21,28,36,46,58,46,46,52,51,47,47,47,38,46,55,5,0,0,0,0,0,0,0,0,0,0,0,0,351,362,377,377,377,356,373,373,532,532,678,777,777,788,788,974,1882,2021,29993]} 1. d4 {Crowther,Mark} Nf6 2. Nc3 d5 3. Bf4 c5 4. e3 Bg4 5. Be2 Bxe2 6. Ncxe2 ({RR} 6. Ngxe2 e6 7. Qd2 Nc6 8. Nb5 Rc8 9. dxc5 Bxc5 10. Ned4 Ne4 11. Qd1 O-O 12. Nxc6 bxc6 13. Nd4 Qb6 14. Rb1 Rfe8 15. Nb3 Bf8 16. O-O c5 17. Nd2 Nf6 18. Nf3 Ne4 19. c3 c4 20. Qc2 Bd6) 6... Nc6 7. Nf3 e6 8. c3 Be7 ({RR} 8... Bd6 9. O-O O-O 10. Bxd6 Qxd6 11. Nf4 Ne4 12. dxc5 Qxc5) 9. Ng3 O-O 10. Qe2 h6 11. Rd1 Qa5 12. a3 Rfd8 13. h4 Qa4 14. Ne5 Nxe5 15. Bxe5 Nd7 16. Bf4 Qa6 17. Qf3 Bd6 18. Nh5 Bxf4 19. Qxf4 e5 20. Qg3 ({RR} 20. dxe5 Qg6 21. g4) 20... Qg6 21. Qxg6 fxg6 22. Ng3 exd4 23. cxd4 c4 24. Ne2 b5 25. Nc3 Nf6 26. Rb1 Rab8 27. f3 a5 28. b4 cxb3 29. Rxb3 b4 30. axb4 Rxb4 ({RR} 30... axb4 31. Na4 ({RR} 31. Na2 Ra8)) 31. Ra3 Re8 32. Kd2 Rb2+ 33. Kd3 Rxg2 34. Rxa5 Rg3 35. Rf1 g5 36. hxg5 Rxg5 37. Rfa1 h5 38. Ra8 Rxa8 39. Rxa8+ Kh7 40. e4 dxe4+ 41. fxe4 h4 42. e5 h3 43. exf6 h2 44. f7 Rg3+ 45. Kd2 h1=Q 46. f8=Q ({RR} 46. f8=R Qh6+ 47. Kc2 Rg2+ 48. Kb3 Qb6+ 49. Kc4 Qc6+ 50. Kb3 Rg3 51. Rh8+ Kg6 52. Rac8 Rxc3+ 53. Kb2 Qxc8 54. Rxc8 Rxc8 55. Kb3 ({RR} 55. d5 Kf5 56. d6 Ke6 57. Kb3 Kxd6 58. Kb4 g5 59. Kb5 g4 60. Ka6 g3 61. Kb7 Rc6 62. Kb8 Rb6+ 63. Ka8 Kc7 64. Ka7 Rh6 65. Ka8 Ra6#) 55... Kf5 56. d5 Ke5 57. Kb4 Kxd5 58. Kb3 g5 59. Kb4 g4 60. Ka5 g3) 46... Qh6+ $4 {Blunder. Rg2+ was best.} (46... Rg2+ 47. Kd3 ({RR} 47. Ne2 Qh6+ 48. Ke1 Qh4+ 49. Kd1 ({RR} 49. Kd2) 49... Qh1+ 50. Kd2) 47... Rg3+ 48. Kc2 Qg2+ 49. Kb1 Qg1+ 50. Ka2 Qg2+) ({RR} 46... Rg2+) 47. Kc2 Qg6+ 48. Kb2 Qb6+ 49. Ka2 Rg2+ 50. Ka3 Qb2+ $6 {Inaccuracy. Qc6 was best.} (50... Qc6 51. Qf5+ Rg6 52. Qh3+ Rh6 53. Qd3+ Rg6 54. Ra4 Kg8 55. Kb3 Rf6 56. d5) 51. Ka4 Qxc3 $4 {Checkmate is now unavoidable. Qa1+ was best.} (51... Qa1+ 52. Kb3 Qb2+ 53. Kc4 Qb6 54. Qh8+ Kg6 55. Qe8+ Kh7 56. Qh5+ Qh6 57. Qf5+) 52. Qh8+ Kg6 53. Ra6+ Kf5 54. Qf8+ Ke4 55. Re6+ ({RR} 55. Qa8+ Kxd4 56. Qxg2 Qc4+ 57. Ka5 Qc5+ 58. Ka4 Qc4+ 59. Ka5 Qc5+ 60. Ka4 Qc4+) 55... Kd5 $146 1-0

[Event "Norway Chess 2025"]
[Site "Stavanger, Norway"]
[Date "2025.05.28"]
[Round "3.2"]
[White "Carlsen, Magnus"]
[Black "Wei, Yi"]
[Result "1/2-1/2"]
[WhiteElo "2837"]
[BlackElo "2758"]
[Annotator "Chess.com"]
[PlyCount "101"]
[EventDate "2025.??.??"]
[TimeControl "40/7200:0"]

{[%evp 0,101,19,16,18,4,4,4,4,-34,13,13,13,-6,14,-7,3,-15,-2,-2,-2,-7,4,-28,5,-8,-41,-1,7,-37,-2,0,0,-13,1,1,36,46,46,46,53,41,41,42,26,38,48,66,72,53,72,75,63,46,38,38,38,33,33,33,44,33,43,16,0,12,1,12,21,15,58,43,45,17,36,33,33,39,33,0,0,0,33,-12,0,4,4,4,32,0,0,0,0,0,0,0,0,0,0,0,0,0,0,0]} 1. d4 Nf6 2. c4 e6 3. Nf3 d5 4. g3 Be7 5. Bg2 O-O 6. O-O dxc4 7. Qc2 a6 8. a4 Bd7 9. Qxc4 Bc6 10. Bg5 Bd5 11. Qc2 Be4 12. Qc1 Nc6 13. e3 Bb4 14. Qd1 h6 15. Bxf6 Qxf6 16. Nc3 Bxc3 17. bxc3 Na5 18. Ne5 Bxg2 19. Kxg2 Rfd8 20. Qb1 $146 ({RR} 20. Rb1 c5 21. Qe2 Rac8 22. Rfc1 Rc7 23. Nd3 c4 24. Nc5 e5 25. Qf3 Qg6 26. Rd1 exd4 27. exd4 Qc2 28. Re1 Nb3 29. Ne4 Qa2 30. Nc5 Qc2 31. Qf4 Rdc8 32. Ne4 Rd7 33. Nf6+ gxf6 34. Qg4+ Qg6 {Injac,T (2431)-Mijovic,A (2130) Budva MNE 2023 1-0 (41)}) 20... Rac8 21. Rd1 c5 22. Qb6 cxd4 23. cxd4 Rd5 24. Rdc1 Qd8 25. Qb4 Rc7 26. Rc3 $6 {A move that seems to give away much of White's advantage.} (26. h4 {or other waiting moves, and Carlsen remains clearly better, though there's no obvious knockout blow.}) 26... Rxc3 $1 27. Qxc3 Rd6 $1 {This square is now available after the queen was deflected from b4.} 28. Rb1 f6 29. Ng6 Qe8 30. Qc2 Kf7 31. h4 Qc6+ 32. Qxc6 Rxc6 33. h5 Rc4 34. Kf3 Ke8 35. Nf4 Ke7 36. g4 $6 (36. Nd3 $1 {and White preserves more chances.} e5 (36... Rxa4 37. Nc5 Ra2 38. Rb6 e5 39. d5 Rd2 40. e4 Kf8 {illustrates the kind of chances Carlsen could have got.}) 37. Ke4 {In the game the e5-pawn attacks the knight, so there's no option to play like this.}) 36... e5 37. Ng6+ Ke6 38. dxe5 fxe5 39. Rb6+ Rc6 40. Rb2 Rc4 41. Ra2 Nb3 42. Nh4 Nc5 43. Nf5 Rxa4 44. Rc2 b6 45. Rd2 Ne4 46. Nxg7+ Kf6 47. Rd7 {Black has powerful connected passed pawns on the queenside, so Carlsen decides it's time to shut things down.} Ng5+ 48. Kg3 Ne4+ 49. Kf3 Ng5+ 50. Kg3 Ne4+ 51. Kf3 1/2-1/2

[Event "Norway Chess 2025"]
[Site "Stavanger, Norway"]
[Date "2025.05.28"]
[Round "6"]
[White "Carlsen, Magnus"]
[Black "Wei, Yi"]
[Result "0-1"]
[WhiteElo "2883"]
[BlackElo "2711"]
[Annotator "Chess.com"]
[PlyCount "64"]
[EventDate "2025.??.??"]

{[%evp 0,64,19,16,11,8,42,55,65,69,45,9,48,22,35,18,39,5,11,4,4,18,20,-1,53,34,11,25,7,-20,41,-29,28,18,-4,-2,-2,-12,-20,-63,-6,-11,15,15,42,36,0,0,0,0,0,-135,-160,-159,-361,-384,-372,-455,-455,-461,-493,-818,-827,-1101,-499,-1199,-1398] 0-} {Armagedom} 1. d4 Nf6 2. Bf4 g6 3. Nc3 d5 4. e3 Bg7 5. h4 h5 6. Nf3 O-O 7. Ne5 c5 8. Qd2 Bf5 9. f3 cxd4 10. exd4 Nc6 11. Bb5 Nxe5 12. dxe5 Nd7 13. Bxd7 $146 (13. O-O-O Nxe5 14. Rhe1 Nc6 15. Bh6 {was Praggnanandhaa 0-1 Wei Yi from the Chessable Masters 2025.}) ({RR} 13. O-O-O Nxe5 14. Rhe1 d4 15. Bxe5 Bxe5 16. Rxe5 dxc3 17. Qxc3 Qb6 18. Qd4 Rac8 19. c3 Qxd4 20. Rxd4 Rc7 21. g4 hxg4 22. fxg4 Be6 23. a4 Kg7 24. h5 Rh8 25. Bd3 gxh5 26. gxh5 b6 27. Be2 Rc5 {Erigaisi,A (2718)-Giri,A (2764) chess24.com INT 2022 1-0 (56)}) ({RR} 13. O-O-O Nxe5 14. Rhe1 Nc6 15. Bh6 e5 16. Bxg7 Kxg7 17. Qxd5 Qxh4 18. Bxc6 bxc6 19. Qxe5+ Qf6 20. Qxf6+ Kxf6 21. Rd6+ Kg5 22. Rxc6 Rfe8 23. Re2 Kf4 24. Kd2 Rad8+ 25. Ke1 Kg3 26. Ne4+ Rxe4 27. fxe4 Bg4 {Jyotshnav Talukdar (1990)-Kandi Santosh Sai Karthik (2097) Bhubaneswar IND 2025 ½-½}) 13... Qxd7 14. O-O-O $2 {Combining the two lines, but there's a big difference.} (14. Qxd5 Qc7 15. O-O-O {is playable.}) 14... Rac8 15. Qxd5 Rxc3 $3 {A beautiful blow $1} 16. Qxd7 (16. bxc3 $4 Qa4 $1 {wins for Black, e.g.} 17. Qd2 Qa3+ 18. Kb1 Rc8 {and there's no defense, with Be6 one of the additional threats.}) 16... Rxc2+ $1 17. Kb1 Rxg2+ 18. Qxf5 gxf5 19. Rd7 {Black is on top, but White has excellent chances to hold. Winning the endgame, as required, is a tougher ask $1} Rc8 20. Rxe7 Rc4 21. Bc1 b5 {Wei Yi: \"It looks uncomfortable for me at first, but then I saw I have some counterplay, so maybe it was ok $1\"} 22. Rd1 Rxh4 23. Rd8+ Kh7 24. Rxf7 $2 {Now White is in trouble, but retreating with} (24. Rd1 $1 {isn't particularly promising.}) 24... Rh1 25. Rxf5 $2 {And after this move White is completely lost.} Kg6 26. Rf4 Rgg1 27. Rd6+ (27. Rc8 {shows the problem:} Rxc1+ $1 28. Rxc1 Rxc1+ 29. Kxc1 {and all would be good for White, if not for} Bh6 {picking up the rook.}) 27... Kh7 28. a4 {Pure desperation to continue the game.} Rxc1+ 29. Ka2 Bxe5 30. Rf7+ Kg8 31. Rdd7 bxa4 32. Ka3 Rc4 {Wei finds the quickest finish, locking down the white king. Carlsen resigned.} (32... Rc4 33. Ka2 Rc2 34. Rb7 Rxb2+ 35. Rxb2 Kxf7 {is the kind of thing that would have happened otherwise.}) 0-1

[Event "Norway Chess 2025"]
[Site "Chess.com"]
[Date "2025.06.02"]
[Round "7.2"]
[White "Carlsen, Magnus"]
[Black "Nakamura, Hikaru"]
[Result "1-0"]
[WhiteElo "2883"]
[BlackElo "2837"]
[Annotator "Chess.com"]
[PlyCount "79"]
[EventDate "2025.??.??"]

{[%evp 0,79,19,16,18,-10,39,35,28,22,22,-8,28,26,0,-11,-7,8,25,7,-23,-61,-5,-5,-28,-28,-15,24,59,24,47,59,63,61,64,40,123,97,122,113,126,101,126,126,124,99,92,115,115,104,132,94,127,121,112,111,113,93,114,83,51,79,87,83,87,95,95,94,83,81,138,88,258,252,246,238,830,1029,1074,1097,1381,1552]} {Armagedom} 1. d4 d5 2. c4 c6 3. Nf3 Nf6 4. Nc3 dxc4 5. g3 b5 6. Bg2 e6 7. O-O Bb7 8. Ne5 Qc8 9. b3 b4 $6 {White is well-positioned to meet this.} (9... cxb3 {The engine marks this as best and equal, though White will have full compensation typical of the Catalan.}) 10. Na4 c3 11. a3 Nbd7 (11... a5 $4 {If Black could keep the pawns on b4 and c3 permanently, he'd be in great shape. But this is not possible for tactical reasons.} 12. Nb6) 12. axb4 Bxb4 13. Ba3 a5 $146 (13... Bxa3 14. Rxa3 c5 15. Bxb7 Qxb7 16. Nxc5 Nxc5 17. dxc5 O-O 18. c6 Qb5 19. Qd4 c2 20. Qc3 Ne4 {0-1 (20) Sarkar,J (2338)-Nasuta,G (2518) Chess.com INT 2021}) ({RR} 13... Bxa3 14. Rxa3 c5 15. Bxb7 Qxb7 16. Nxc5 Nxc5 17. dxc5 O-O 18. c6 Qb5 19. Qd4 c2 20. Qc3 Ne4 {0-1 (20) Sarkar,J (2338)-Nasuta,G (2518) Chess.com INT 2021}) 14. Nxc3 $3 {A piece sacrifice, though it should not be taken.} O-O $2 (14... Bxc3 15. Nc4 {The black king is in decisive trouble, with Nd6+ coming next.}) (14... Bxa3 15. Rxa3 O-O {was better than the game.}) 15. Bxb4 axb4 16. Nxd7 Nxd7 17. Na4 {White often sacrifices a pawn for this pressure on the c-file. Here, he's not even a pawn down.} Ba6 18. Qd2 {Reminding Black he also has a weak pawn on b4.} Bb5 19. Rfc1 (19. Qxb4 $2 {It's too early to take.} Bxe2) 19... Ra6 20. e3 Qa8 21. Qxb4 {White wins a pawn, but Nakamura proves to be resourceful.} Nb6 22. Rc5 Nd5 23. Bxd5 exd5 24. Rcc1 (24. Qd2 $1 {was best. White wins by:} h5 25. Rac1 h4 {Not best, but it shows White's idea.} 26. Nc3 {Black's pawn base comes under heavy fire now.}) 24... h5 {Now we see inaccurate moves by both sides, but the main turning point is 28...g5.} 25. h4 Re8 26. Qc3 Qc8 27. Nc5 $2 (27. Qc2 $1 g5 28. Nc3 {Black is not in time to continue his attack. White already threatens taking on b5 and trading queens.} gxh4 29. Nxb5) 27... Rxa1 28. Rxa1 g5 $1 {Nakamura equalizes, sacrificing a pawn to open the white king.} 29. hxg5 h4 30. e4 $1 {Giving a pawn back to include the queen in the defense on the third rank. White is still a pawn up.} (30. gxh4 $4 Qg4+ {is even losing for White.} 31. Kh2 Qxh4+ 32. Kg2 Qg4+ 33. Kh2 Kg7 {is the mating net.}) 30... dxe4 31. Re1 Qg4 32. Qe3 hxg3 33. fxg3 Kg7 34. Kg2 Rh8 (34... Qf3+ $1 35. Qxf3 exf3+ 36. Kf2 {To keep the rook protected.} Re2+ 37. Rxe2 fxe2 {Black can draw this endgame, though this isn't so clear in an armageddon game with a minute or two.} 38. Nd7 Kg6 39. Ne5+ Kxg5 40. Nxf7+ Kg4 {White cannot make progress, despite the extra pawn.}) 35. Qxe4 Qh3+ $2 {The losing move. Nakamura goes for a king hunt, but one that isn't there.} (35... Qxg5 {was the only move for equality. It's important to realize endgames are drawn, even a pawn down for Black.} 36. Qe5+ Qxe5 37. Rxe5 {This is objectively equal, though holding it against Carlsen could be a different story.}) 36. Kf3 {There isn't any follow-up. Nakamura goes for what's probably the best try.} Bf1 {Threatening to win the queen with ...Bg2+.} 37. Kf4 $1 {Simply stepping out of the way. Black doesn't even have a check.} Qh2 38. Qe5+ (38. Rxf1 $2 {is the trick. Black wins the queen.} Rh4+) 38... Kg8 39. Rxf1 Qg2 40. Ra1 {White is a piece up and the computer announces a forced mate from here. Nakamura resigns.} 1-0